Negotiations for peace in Central America
Na minha lista:
| Autor principal: | |
|---|---|
| Formato: | Texto |
| Publicado em: |
Ottawa:
Canadian Institute for International Peace and Security
|
| Tags: |
Adicionar Tag
Sem tags, seja o primeiro a adicionar uma tag!
|
MARC
| LEADER | 00000 a a2200000 04500 | ||
|---|---|---|---|
| 001 | 22862 | ||
| 003 | |||
| 040 | |||
| 090 | |a 156800 | ||
| 100 | |a North, Liisa | ||
| 245 | |a Negotiations for peace in Central America | ||
| 260 | |a Ottawa: |b Canadian Institute for International Peace and Security | ||
| 300 | |a 59 p. | ||
| 999 | |c 16785 |d 16785 | ||
